Živý odkaz prof. Ing. Hvezdoňa Kočtúcha, DrSc.

20. februára 2004 uplynulo 10 rokov od smrti významného slovenského ekonóma, pedagóga-národovca, poslanca Federálneho zhromaždenia, poslanca Národnej rady Slovenskej republiky a predsedu jeho Národohospodárskeho a rozpočtového výboru, matičiara, zakladajúceho člena NEZES-u ako aj Spoločnosti slovens...

Descripción completa

Guardado en:
Detalles Bibliográficos
Autor principal: Bacová, Viera
Formato: Capítulo de libro
Lenguaje:eslovaco
Materias:
Etiquetas: Agregar Etiqueta
Sin Etiquetas, Sea el primero en etiquetar este registro!

MARC

LEADER 00000naa$a2200000$$$4500
001 0008913
005 20230808081431.2
041 0 |a slo 
044 |a SK 
245 1 0 |a Živý odkaz prof. Ing. Hvezdoňa Kočtúcha, DrSc.  |c aut. Viera Bacová 
520 |a 20. februára 2004 uplynulo 10 rokov od smrti významného slovenského ekonóma, pedagóga-národovca, poslanca Federálneho zhromaždenia, poslanca Národnej rady Slovenskej republiky a predsedu jeho Národohospodárskeho a rozpočtového výboru, matičiara, zakladajúceho člena NEZES-u ako aj Spoločnosti slovenskej inteligencie Korene. Spomienka na život a prácu Hvezdoňa Kočtúcha. 
610 2 0 |a teórie ekonomické 
610 2 0 |a životopisy 
610 2 0 |a politika 
610 2 0 |a Kočtúch, H. 
100 1 |a Bacová, Viera